000 00384nam a2200133Ia 4500
008 231129s1997||||xx |||||||||||||| ||spa||
040 _bspa
082 _a613.9432 M778a
100 _aMonterrosa Castro Alvaro
245 0 _aActualización de conceptos en anticonceptivos orales combinados
260 _c1997
264 _aBogotá Colombia : Tercer Mundo Editores
942 _2ddc
_cBKS
999 _c4509
_d4509